[Event "Cto. FACV Ind. Primera Valencia 2014"]
[Site "Valencia ESP"]
[Date "2014.11.08"]
[Round "5.6"]
[White "Gonzalvez Tamarit, Ivan"]
[Black "Abbas, Khalid Abel Halim"]
[Result "1-0"]
[WhiteElo "1876"]
[BlackElo "1702"]
[PlyCount "95"]
[EventDate "2014.09.27"]
[EventType "swiss"]
[EventRounds "7"]
[EventCountry "ESP"]

1. d4 Nf6 2. c4 e6 3. Nc3 d5 4. e3 c6 5. Nf3 Be7 6. Bd3 O-O 7. O-O Nbd7 8. Qe2
dxc4 9. Bxc4 b5 10. Bd3 a6 11. Rd1 Qc7 12. a3 c5 13. dxc5 Nxc5 14. Bc2 Bb7 15.
b4 Nce4 16. Nxe4 Nxe4 17. Bb2 Nc3 18. Qd3 Be4 19. Qxc3 Qxc3 20. Bxc3 Bxc2 21.
Rd7 Rfe8 22. Rc1 Be4 23. Be5 f6 24. Bd4 Rac8 25. Rcc7 Rxc7 26. Rxc7 Kf8 27. Nd2
Bg6 28. Nb3 Rd8 29. h3 Ra8 30. Bc5 Bxc5 31. Nxc5 Bf7 32. Rc6 a5 33. Nxe6+ Bxe6
34. Rxe6 Kf7 35. Rb6 axb4 36. axb4 Ra1+ 37. Kh2 g5 38. Rxb5 Rb1 39. Rb6 h5 40.
Kg3 Rb2 41. b5 Kg6 42. Kf3 Kf5 43. g4+ hxg4+ 44. hxg4+ Ke5 45. Rb8 Rb1 46. b6
Kd6 47. b7 Ke7 48. Rh8 1-0

[Event "Cto. FACV Ind. Primera Valencia 2014"]
[Site "Valencia ESP"]
[Date "2014.11.08"]
[Round "5.7"]
[White "Anguix Gomez, Exuperio"]
[Black "Bono Monreal, Alberto"]
[Result "1/2-1/2"]
[WhiteElo "1859"]
[BlackElo "1714"]
[PlyCount "96"]
[EventDate "2014.09.27"]
[EventType "swiss"]
[EventRounds "7"]
[EventCountry "ESP"]

1. Nf3 Nf6 2. c4 g6 3. g3 Bg7 4. Bg2 O-O 5. O-O e6 6. d4 d5 7. Nc3 dxc4 8. Ne5
Nh5 9. Nxc4 c6 10. e3 Nd7 11. Bf3 Nhf6 12. b4 Nb6 13. Qb3 Nfd5 14. Ne4 Nxc4 15.
Qxc4 Qb6 16. Bd2 Rd8 17. a4 a6 18. Rab1 Bd7 19. Rfc1 Bf8 20. Nc5 Rac8 21. e4
Nf6 22. Bg5 Be7 23. e5 Nd5 24. Bxe7 Nxe7 25. Ne4 Nf5 26. Rd1 Kg7 27. Nf6 Be8
28. Qc5 Qc7 29. a5 Qe7 30. Qc3 Qc7 31. g4 Ne7 32. h4 Nd5 33. Bxd5 cxd5 34. Qxc7
Rxc7 35. Rbc1 Rc4 36. Rxc4 dxc4 37. Ne4 Bb5 38. Nd6 Rd7 39. Rc1 Rc7 40. f4 c3
41. Kf2 c2 42. Nxb5 axb5 43. Ke2 Rc4 44. Kd3 Rxb4 45. Rxc2 Ra4 46. Rc7 Rxa5 47.
Rxb7 Ra3+ 48. Ke4 Rg3 1/2-1/2

[Event "Cto. FACV Ind. Primera Valencia 2014"]
[Site "Valencia ESP"]
[Date "2014.11.08"]
[Round "5.8"]
[White "Marti Viguer, Jose Maria"]
[Black "Tamarit Palanca, Jesus"]
[Result "1-0"]
[WhiteElo "1849"]
[BlackElo "1709"]
[PlyCount "97"]
[EventDate "2014.09.27"]
[EventType "swiss"]
[EventRounds "7"]
[EventCountry "ESP"]

1. e4 c5 2. Nf3 d6 3. c3 Nf6 4. Bc4 e6 5. Qe2 Be7 6. d4 cxd4 7. cxd4 a6 8. Nc3
h6 9. O-O b5 10. Bb3 O-O 11. e5 dxe5 12. dxe5 Nd5 13. Rd1 Nxc3 14. bxc3 Qc7 15.
Be3 Bb7 16. Rac1 Nd7 17. Bf4 Bxf3 18. Qxf3 Nxe5 19. Qg3 f6 20. Bxe6+ Kh7 21.
Rd7 Qc5 22. Bf5+ g6 23. Be4 f5 24. Bxa8 Nxd7 25. Bf3 Bf6 26. Bd6 Be5 27. Bxc5
Bxg3 28. Bxf8 Bf4 29. Re1 Nxf8 30. Re7+ Kh8 31. Bd5 Bg5 32. Ra7 Bd2 33. c4 bxc4
34. Bxc4 a5 35. Kf1 f4 36. Ke2 Bb4 37. h4 g5 38. Kf3 Ng6 39. Ra8+ Bf8 40. hxg5
hxg5 41. Ke4 Kg7 42. Rxa5 Be7 43. a4 Nh4 44. g3 Ng6 45. Rd5 Nf8 46. a5 Ne6 47.
Kf5 fxg3 48. fxg3 Kf8 49. Kxe6 1-0

[Event "Cto. FACV Ind. Primera Valencia 2014"]
[Site "Valencia ESP"]
[Date "2014.11.08"]
[Round "5.9"]
[White "Herrero Carrion, Alejandro"]
[Black "Arroyo Viguer, Rafael"]
[Result "1-0"]
[WhiteElo "1830"]
[BlackElo "1666"]
[PlyCount "65"]
[EventDate "2014.09.27"]
[EventType "swiss"]
[EventRounds "7"]
[EventCountry "ESP"]

1. f4 e6 2. e4 d5 3. e5 Nc6 4. d4 f6 5. exf6 Qxf6 6. Nf3 Bd6 7. Ne5 Bxe5 8.
dxe5 Qg6 9. c3 Nge7 10. Be3 Nf5 11. Bf2 Bd7 12. Na3 a6 13. Nc2 Qf7 14. Be2 g6
15. Qd2 Rd8 16. g4 Ng7 17. Bh4 Ne7 18. O-O-O O-O 19. Bf6 Ne8 20. g5 Nxf6 21.
gxf6 Nf5 22. Nd4 Nxd4 23. Qxd4 Rc8 24. h4 c5 25. Qf2 d4 26. h5 Kh8 27. hxg6
Qxg6 28. Rdg1 Qf5 29. Rg7 Bc6 30. Rhxh7+ Qxh7 31. Rxh7+ Kxh7 32. Qh4+ Kg8 33.
Qg5+ 1-0

[Event "Cto. FACV Ind. Primera Valencia 2014"]
[Site "Valencia ESP"]
[Date "2014.11.08"]
[Round "5.10"]
[White "Vigliaroli, Matteo Luigi"]
[Black "Gonzalvez Tamarit, Ruben"]
[Result "0-1"]
[WhiteElo "1652"]
[BlackElo "1821"]
[PlyCount "50"]
[EventDate "2014.09.27"]
[EventType "swiss"]
[EventRounds "7"]
[EventCountry "ESP"]

1. e4 e5 2. Nf3 Nc6 3. d4 exd4 4. Nxd4 Nf6 5. Nxc6 bxc6 6. e5 Nd5 7. Bc4 Nb6 8.
Bb3 Be7 9. O-O O-O 10. Be3 d5 11. exd6 cxd6 12. Nd2 d5 13. Nf3 Bg4 14. c3 Bd6
15. h3 Bh5 16. Qd2 Bxf3 17. gxf3 Re8 18. f4 Qh4 19. Kh2 Re6 20. Rg1 Rh6 21. Rg3
Kh8 22. Rag1 g5 23. Bd4+ f6 24. Bxf6+ Rxf6 25. Qd4 Qxf4 0-1

[Event "Cto. FACV Ind. Primera Valencia 2014"]
[Site "Valencia ESP"]
[Date "2014.11.15"]
[Round "6.1"]
[White "Juarez Murcia, Valeriano"]
[Black "Martinez Hernandez, Paula"]
[Result "1/2-1/2"]
[WhiteElo "1815"]
[BlackElo "1800"]
[PlyCount "35"]
[EventDate "2014.09.27"]
[EventType "swiss"]
[EventRounds "7"]
[EventCountry "ESP"]

1. e4 c6 2. d4 d5 3. e5 c5 4. c3 cxd4 5. cxd4 Nc6 6. Nf3 Bg4 7. Bb5 e6 8. O-O
Nge7 9. Be3 a6 10. Bxc6+ Nxc6 11. h3 Bh5 12. a3 Qb6 13. Nbd2 Be7 14. Qb3 Bd8
15. Qxb6 Bxb6 16. Rfc1 a5 17. g4 Bg6 18. Nb3 1/2-1/2

[Event "Cto. FACV Ind. Primera Valencia 2014"]
[Site "Valencia ESP"]
[Date "2014.11.15"]
[Round "6.2"]
[White "Palomo Ruiperez, Bruno"]
[Black "Dolz Belenguer, Ramon Miguel"]
[Result "0-1"]
[WhiteElo "1808"]
[BlackElo "1870"]
[PlyCount "100"]
[EventDate "2014.09.27"]
[EventType "swiss"]
[EventRounds "7"]
[EventCountry "ESP"]

1. e4 c5 2. Nf3 Nc6 3. d4 cxd4 4. Nxd4 g6 5. c4 Bg7 6. Be3 Nf6 7. Nc3 Ng4 8.
Qxg4 Nxd4 9. Qd1 Nc6 10. Qd2 Qa5 11. Be2 d6 12. O-O O-O 13. Rac1 Be6 14. b3 f5
15. Bh6 f4 16. Bxg7 Kxg7 17. Bf3 Qg5 18. Rfe1 Ne5 19. Qd1 h5 20. Kh1 Bg4 21.
Qe2 Qh4 22. Nb5 Bxf3 23. gxf3 Qh3 24. Nd4 Rf6 25. Qf1 Qd7 26. Rcd1 Rc8 27. Qg2
Kf7 28. Rg1 h4 29. Qf1 h3 30. Qe2 Rh8 31. Nb5 a6 32. Nc3 Kf8 33. Rd2 Rh5 34.
Qd1 Rf7 35. c5 Qc7 36. b4 dxc5 37. Nd5 Qc6 38. Rc2 c4 39. Qe2 e6 40. Nc3 Rd7
41. Rd2 Rd3 42. Rxd3 cxd3 43. Qb2 Rh7 44. Nd1 Nxf3 45. Rxg6 Qxe4 46. Qf6+ Ke8
47. Rg8+ Kd7 48. Qd8+ Kc6 49. Qc8+ Rc7 50. Qe8+ Kb6 0-1

[Event "Cto. FACV Ind. Primera Valencia 2014"]
[Site "Valencia ESP"]
[Date "2014.11.15"]
[Round "6.3"]
[White "Benitez Lopez, Julio"]
[Black "Rull Costa, Baltasar"]
[Result "1-0"]
[WhiteElo "1800"]
[BlackElo "1747"]
[PlyCount "67"]
[EventDate "2014.09.27"]
[EventType "swiss"]
[EventRounds "7"]
[EventCountry "ESP"]

1. d4 Nf6 2. c4 e6 3. Nf3 b6 4. a3 Bb7 5. Nc3 Be7 6. d5 exd5 7. cxd5 O-O 8. e4
d6 9. Bd3 c5 10. O-O Nbd7 11. h3 Re8 12. Bf4 a6 13. a4 Rc8 14. Re1 Bf8 15. Bc2
Ne5 16. Bxe5 dxe5 17. Nh2 g6 18. Ng4 Nxg4 19. Qxg4 Bh6 20. h4 Rc7 21. g3 Bc8
22. Qf3 Rf8 23. Rad1 Rd7 24. Bd3 Rd6 25. Qe2 Qd7 26. Bxa6 Bxa6 27. Qxa6 f5 28.
exf5 Rxf5 29. Ne4 Rxd5 30. Qa8+ Qd8 31. Qxd8+ Rxd8 32. Rxd8+ Bf8 33. Red1 c4
34. Ng5 1-0

[Event "Cto. FACV Ind. Primera Valencia 2014"]
[Site "Valencia ESP"]
[Date "2014.11.15"]
[Round "6.4"]
[White "Parreno Cueto, Andres"]
[Black "Gonzalvez Tamarit, Ivan"]
[Result "0-1"]
[WhiteElo "1746"]
[BlackElo "1876"]
[PlyCount "48"]
[EventDate "2014.09.27"]
[EventType "swiss"]
[EventRounds "7"]
[EventCountry "ESP"]

1. d4 Nf6 2. Nf3 e6 3. c4 Bb4+ 4. Nc3 Bxc3+ 5. bxc3 d6 6. Qc2 O-O 7. e4 e5 8.
h3 Nc6 9. Be2 h6 10. O-O Re8 11. d5 Na5 12. Be3 b6 13. Nd2 Nb7 14. f4 exf4 15.
Rxf4 Nc5 16. Raf1 Qe7 17. Bd4 Ncxe4 18. Nxe4 Nxe4 19. Rxf7 Qxf7 20. Rxf7 Kxf7
21. Bh5+ g6 22. Bf3 Ng5 23. Qf2 Bf5 24. g4 Nxh3+ 0-1

[Event "Cto. FACV Ind. Primera Valencia 2014"]
[Site "Valencia ESP"]
[Date "2014.11.15"]
[Round "6.6"]
[White "Hernandez Torralba, Jose Joaqu"]
[Black "Herrero Carrion, Alejandro"]
[Result "0-1"]
[WhiteElo "1724"]
[BlackElo "1830"]
[PlyCount "103"]
[EventDate "2014.09.27"]
[EventType "swiss"]
[EventRounds "7"]
[EventCountry "ESP"]

1. e4 c5 2. Nf3 Nc6 3. d4 cxd4 4. Nxd4 Nf6 5. Nc3 g6 6. Be3 Bg7 7. f3 O-O 8.
Qd2 d5 9. Nxc6 bxc6 10. exd5 Nxd5 11. Bd4 e5 12. Bc5 Re8 13. Nxd5 cxd5 14. Bb5
Bd7 15. Bxd7 Qxd7 16. O-O d4 17. Rad1 Qd5 18. b4 Qxa2 19. Ra1 Qc4 20. Bxa7 Bf8
21. Ra4 Rec8 22. Rc1 d3 23. c3 Bc5+ 24. Bxc5 Rxa4 25. Rd1 Rd8 26. Qg5 Rda8 27.
Qxe5 Ra1 28. Bd4 Rxd1+ 29. Kf2 Ra2+ 30. Kg3 Qxd4 31. Qxd4 h5 32. Qd8+ Kh7 33.
Qf8 Ra7 34. Qc5 Rd7 35. Qc6 Re7 36. Qf6 Rde1 37. Qd4 Rd1 38. b5 d2 39. b6 Re2
40. b7 Rb1 41. Qd3 d1=Q 42. Qxd1 Rxd1 43. b8=Q Rdd2 44. Qf8 Rxg2+ 45. Kf4 Rd7
46. c4 Rxh2 47. Kg5 Rhd2 48. c5 R2d5+ 49. Kf4 Rc7 50. c6 Rf5+ 51. Ke4 Rxc6 52.
Qe8 0-1

[Event "Cto. FACV Ind. Primera Valencia 2014"]
[Site "Valencia ESP"]
[Date "2014.11.15"]
[Round "6.7"]
[White "Gonzalvez Tamarit, Ruben"]
[Black "Raimundo Medina, Fermin"]
[Result "1-0"]
[WhiteElo "1821"]
[BlackElo "1740"]
[PlyCount "99"]
[EventDate "2014.09.27"]
[EventType "swiss"]
[EventRounds "7"]
[EventCountry "ESP"]

1. e4 c5 2. Nf3 d6 3. d4 cxd4 4. Nxd4 Nf6 5. Nc3 a6 6. f3 b5 7. Be3 e6 8. Qd2
Bb7 9. g4 h6 10. O-O-O Nbd7 11. h4 b4 12. Nce2 d5 13. exd5 Nxd5 14. Bf2 Be7 15.
Kb1 Rc8 16. Ng3 N7b6 17. Nh5 Kf8 18. Nf4 Qd6 19. Bg3 Nxf4 20. Qxf4 Qxf4 21.
Bxf4 Nd5 22. Bg3 Ne3 23. Re1 Nxg4 24. Bxa6 Bxa6 25. fxg4 Rc4 26. Rd1 Bf6 27.
Bd6+ Kg8 28. Nb3 Rxg4 29. Nc5 Be2 30. Rd2 Bf3 31. Rf1 Rxh4 32. Nd3 Kh7 33. Rxf3
Rh1+ 34. Nc1 e5 35. Rfd3 e4 36. Rd1 exd3 37. Rxh1 d2 38. Nd3 Re8 39. Bxb4 Re2
40. c4 Bh4 41. Rd1 Bg5 42. Kc2 f5 43. c5 Re6 44. Bxd2 Bxd2 45. Kxd2 g5 46. b4
f4 47. b5 f3 48. c6 Re2+ 49. Kc3 Rxa2 50. c7 1-0

[Event "Cto. FACV Ind. Primera Valencia 2014"]
[Site "Valencia ESP"]
[Date "2014.11.15"]
[Round "6.8"]
[White "Garcia Martin, Guillermo"]
[Black "Guillot Garcia, Antonio"]
[Result "1/2-1/2"]
[WhiteElo "1521"]
[BlackElo "1792"]
[PlyCount "96"]
[EventDate "2014.09.27"]
[EventType "swiss"]
[EventRounds "7"]
[EventCountry "ESP"]

1. e4 e6 2. d4 d5 3. Nd2 dxe4 4. Nxe4 Bd7 5. Nf3 Bc6 6. Ng3 Nd7 7. Bd3 Ngf6 8.
c3 Bd6 9. Be3 Bxf3 10. Qxf3 c6 11. O-O Qc7 12. Rfe1 O-O-O 13. h3 Rdf8 14. Ne4
Nxe4 15. Bxe4 Nf6 16. c4 Nxe4 17. Qxe4 c5 18. Red1 Re8 19. dxc5 Bxc5 20. Bf4 e5
21. Qf5+ Re6 22. Rd5 g6 23. Bxe5 gxf5 24. Bxc7 Bxf2+ 25. Kxf2 Kxc7 26. Rxf5 f6
27. Rd1 Rf8 28. Rfd5 Rf7 29. a3 Rfe7 30. R1d2 Re4 31. c5 R4e5 32. Rxe5 Rxe5 33.
b4 Re6 34. Re2 Ra6 35. Re7+ Kc8 36. Rxh7 Rxa3 37. Rh4 Ra4 38. g3 Kd7 39. Rf4
Ke6 40. Kf3 f5 41. g4 Ra3+ 42. Kg2 fxg4 43. Rxg4 Kf6 44. h4 Rb3 45. h5 Rb2+ 46.
Kh3 Rb1 47. Rg2 Rxb4 48. h6 Rb1 1/2-1/2

[Event "Cto. FACV Ind. Primera Valencia 2014"]
[Site "Valencia ESP"]
[Date "2014.11.15"]
[Round "6.9"]
[White "Gasco Navarro, Miguel Angel"]
[Black "Anguix Gomez, Exuperio"]
[Result "0-1"]
[WhiteElo "1564"]
[BlackElo "1859"]
[PlyCount "68"]
[EventDate "2014.09.27"]
[EventType "swiss"]
[EventRounds "7"]
[EventCountry "ESP"]

1. e4 d6 2. Nf3 Nf6 3. c3 Nbd7 4. Qc2 e5 5. d4 Be7 6. Bc4 h6 7. Be3 c6 8. Nbd2
O-O 9. h3 b6 10. O-O Bb7 11. dxe5 dxe5 12. Bd3 Qc7 13. Nh4 Nc5 14. Nf5 Nxd3 15.
Nxe7+ Qxe7 16. Qxd3 Rfd8 17. Qc2 Ba6 18. c4 c5 19. Nf3 Bb7 20. Nd2 Qd6 21. f4
exf4 22. Rxf4 Qd3 23. Qxd3 Rxd3 24. Re1 Re8 25. Kf2 Re6 26. Ke2 Rdd6 27. g4
Bxe4 28. Nxe4 Nxe4 29. Kf3 Ng5+ 30. Kg2 Rd3 31. Bf2 Nxh3 32. Rf3 Rxf3 33. Kxf3
Rf6+ 34. Kg3 Nxf2 0-1

[Event "Cto. FACV Ind. Primera Valencia 2014"]
[Site "Valencia ESP"]
[Date "2014.11.15"]
[Round "6.10"]
[White "Lopez Garcia, Miguel"]
[Black "Manglano Villanueva, Jose"]
[Result "0-1"]
[WhiteElo "1781"]
[BlackElo "1590"]
[PlyCount "68"]
[EventDate "2014.09.27"]
[EventType "swiss"]
[EventRounds "7"]
[EventCountry "ESP"]

1. d4 Nf6 2. c4 g6 3. Nc3 Bg7 4. e4 d6 5. Bd3 O-O 6. h3 Nc6 7. Be3 e5 8. d5 Nb4
9. Qd2 Ne8 10. g4 c6 11. O-O-O cxd5 12. exd5 f5 13. a3 Nxd3+ 14. Qxd3 e4 15.
Qd2 Nf6 16. g5 Nd7 17. h4 Ne5 18. Qe2 f4 19. Bd4 Nd3+ 20. Rxd3 exd3 21. Qxd3
Bf5 22. Ne4 Bxd4 23. Qxd4 Bxe4 24. Qxe4 Re8 25. Qd3 Re1+ 26. Kc2 Qd7 27. h5
Qa4+ 28. b3 Qxa3 29. Qd2 Qa2+ 30. Kc3 Qa1+ 31. Kb4 b5 32. hxg6 hxg6 33. Qxf4
Qg7 34. Rh6 a5+ 0-1

[Event "Cto. FACV Ind. Primera Xeraco 2014"]
[Site "Xeraco ESP"]
[Date "2014.09.27"]
[Round "1.1"]
[White "Arlandis Clari, Enrique"]
[Black "Santamaria Bo, Jose Maria"]
[Result "1/2-1/2"]
[WhiteElo "1894"]
[BlackElo "1762"]
[PlyCount "54"]
[EventDate "2014.09.27"]
[EventType "swiss"]
[EventRounds "7"]
[EventCountry "ESP"]
[Source "lmi"]
[SourceDate "2014.09.27"]

1. e4 c6 2. d4 d5 3. exd5 cxd5 4. Bd3 Nc6 5. c3 Qc7 6. Ne2 Bg4 7. Bf4 Bxe2 8.
Bxc7 Bxd1 9. Kxd1 Nf6 10. Re1 e6 11. h3 Kd7 12. Bh2 Bd6 13. Bxd6 Kxd6 14. Nd2
h6 15. Nf3 Nd7 16. Kd2 e5 17. dxe5+ Ndxe5 18. Nxe5 Nxe5 19. Re3 Rhe8 20. Rae1
Nc4+ 21. Bxc4 Rxe3 22. Rxe3 dxc4 23. Re4 b5 24. Ke3 f5 25. Rd4+ Kc6 26. a4 a6
27. h4 g5 1/2-1/2

[Event "Cto. FACV Ind. Primera Xeraco 2014"]
[Site "Xeraco ESP"]
[Date "2014.09.27"]
[Round "1.2"]
[White "Cerda Revert, Jose Maria"]
[Black "Marques Chaveli, Francisco"]
[Result "0-1"]
[WhiteElo "1719"]
[BlackElo "1882"]
[PlyCount "172"]
[EventDate "2014.09.27"]
[EventType "swiss"]
[EventRounds "7"]
[EventCountry "ESP"]
[Source "lmi"]
[SourceDate "2014.09.27"]

1. e4 c5 2. c4 d6 3. Nc3 Nc6 4. d3 g6 5. Nf3 Bg7 6. g3 Nf6 7. Bg2 O-O 8. O-O
Bg4 9. h3 Bd7 10. Kh2 a6 11. a4 Rb8 12. Rb1 Qe8 13. Nd5 Nxd5 14. exd5 Nb4 15.
b3 b5 16. axb5 axb5 17. Bf4 Bf5 18. Ne1 Na2 19. Qd2 Nb4 20. Be4 Qd7 21. g4 Bxe4
22. dxe4 Ra8 23. Nd3 Ra2 24. Qd1 Nxd3 25. Qxd3 Rfa8 26. cxb5 Bd4 27. Kg2 R8a5
28. Be3 Bxe3 29. Qxe3 Qxb5 30. e5 Re2 31. Qc3 Rxe5 32. b4 cxb4 33. Rxb4 Qxd5+
34. Kg1 Ra8 35. Rfb1 f6 36. Qc1 Kg7 37. Rb8 Rxb8 38. Rxb8 Qf3 39. Qf1 h5 40.
Rb4 Rd5 41. Qg2 Qxg2+ 42. Kxg2 hxg4 43. hxg4 Kf7 44. Rb7 Rg5 45. Kf3 Rc5 46.
Kf4 g5+ 47. Ke4 Rc4+ 48. Kf3 Ke6 49. Kg3 Rc6 50. f3 d5 51. Kf2 Rd6 52. Ke3 Rd7
53. Rb4 Ke5 54. Rb5 Ra7 55. Rb3 Kd6 56. Rc3 e5 57. Rb3 Ra6 58. Rb8 Rc6 59. Kd3
Kc5 60. Rb1 Ra6 61. Rc1+ Kd6 62. Rc3 Ra4 63. Ke2 e4 64. Re3 exf3+ 65. Rxf3 Ke5
66. Rf5+ Ke6 67. Kf3 Re4 68. Kg3 d4 69. Kf3 Re3+ 70. Kf2 Re5 71. Rf3 f5 72. Rd3
Kd5 73. gxf5 Rxf5+ 74. Kg3 Rf4 75. Ra3 Ke4 76. Ra5 Rf5 77. Ra4 Ke3 78. Kg4 Rd5
79. Ra8 d3 80. Re8+ Kd4 81. Kf3 Rf5+ 82. Kg4 Re5 83. Rd8+ Ke3 84. Ra8 d2 85.
Ra3+ Ke2 86. Ra2 Ke1 0-1

[Event "Cto. FACV Ind. Primera Xeraco 2014"]
[Site "Xeraco ESP"]
[Date "2014.09.27"]
[Round "1.3"]
[White "Fenollar Bataller, David"]
[Black "Albert Molla, Jose Maria"]
[Result "0-1"]
[WhiteElo "1851"]
[BlackElo "1710"]
[PlyCount "92"]
[EventDate "2014.09.27"]
[EventType "swiss"]
[EventRounds "7"]
[EventCountry "ESP"]
[Source "lmi"]
[SourceDate "2014.09.27"]

1. b3 e5 2. Bb2 Nc6 3. e3 d5 4. Bb5 Bd6 5. f4 Qe7 6. Nf3 f6 7. fxe5 fxe5 8.
Bxc6+ bxc6 9. Nxe5 Qg5 10. Nf3 Qg6 11. O-O Bg4 12. d3 Nf6 13. Nbd2 Qh6 14. Qe2
Bxh2+ 15. Kf2 Nh5 16. Rh1 Bg3+ 17. Kg1 Qe6 18. e4 Nf4 19. Qe3 Nh5 20. Nd4 Bf4
21. Qxf4 Nxf4 22. Nxe6 Nxe6 23. exd5 cxd5 24. Re1 Kd7 25. Rh4 h5 26. g3 Rhf8
27. Rf1 Rxf1+ 28. Kxf1 Rf8+ 29. Ke1 Rf7 30. Rh2 Ng5 31. Be5 c5 32. Bf4 Re7+ 33.
Kf1 Nh3 34. Bb8 a6 35. d4 cxd4 36. Ba7 Ng5 37. Bxd4 Ne4 38. Nxe4 dxe4 39. Be3
Kc6 40. Ke1 Rf7 41. Rf2 Bf3 42. Rd2 Rd7 43. c4 Rd3 44. Kf2 Bg4 45. Rxd3 exd3
46. Bd4 d2 0-1

[Event "Cto. FACV Ind. Primera Xeraco 2014"]
[Site "Xeraco ESP"]
[Date "2014.09.27"]
[Round "1.4"]
[White "Sala Espi, Antonio"]
[Black "Valdenebro Orihuel, Miguel"]
[Result "0-1"]
[WhiteElo "1696"]
[BlackElo "1850"]
[PlyCount "61"]
[EventDate "2014.09.27"]
[EventType "swiss"]
[EventRounds "7"]
[EventCountry "ESP"]
[Source "lmi"]
[SourceDate "2014.09.27"]

1. c4 e5 2. Nc3 f5 3. d4 exd4 4. Qxd4 Nc6 5. Qf4 Nf6 6. a3 d6 7. Nf3 Be7 8. e4
Nh5 9. Qd2 O-O 10. Bd3 f4 11. Nd5 Ne5 12. Be2 g6 13. Nxe5 dxe5 14. Nxe7+ Qxe7
15. Bxh5 gxh5 16. f3 Rd8 17. Qc3 Qh4+ 18. Ke2 Rd4 19. Qa5 Be6 20. b3 Qf6 21.
Bb2 b6 22. Qb5 Bd7 23. Qa6 Rd6 24. Rad1 Qg7 25. Rhg1 Rxd1 26. Kxd1 Bc6 27. c5
Rd8+ 28. Ke2 Bxe4 29. Qc4+ Bd5 30. Qc3 h4 31. Qxe5 0-1

[Event "Cto. FACV Ind. Primera Xeraco 2014"]
[Site "Xeraco ESP"]
[Date "2014.09.27"]
[Round "1.5"]
[White "Fenollar Marti, Jordi"]
[Black "Banuls Perez, Andres"]
[Result "1/2-1/2"]
[WhiteElo "1836"]
[BlackElo "1691"]
[PlyCount "102"]
[EventDate "2014.09.27"]
[EventType "swiss"]
[EventRounds "7"]
[EventCountry "ESP"]
[Source "lmi"]
[SourceDate "2014.09.27"]

1. d4 d5 2. c4 c6 3. Nf3 Nf6 4. Nc3 e6 5. Bf4 Bd6 6. Bxd6 Qxd6 7. e3 Nbd7 8.
Bd3 O-O 9. O-O dxc4 10. Bxc4 b5 11. Bd3 Qe7 12. Rc1 Bb7 13. Ne4 Rfd8 14. Qe2
Rac8 15. Rfd1 Nxe4 16. Bxe4 Nf6 17. Bd3 a6 18. a3 c5 19. dxc5 e5 20. Bf5 Rxd1+
21. Qxd1 Bxf3 22. gxf3 Rxc5 23. b4 Rxc1 24. Qxc1 g6 25. Bc8 Qd6 26. Bb7 Kg7 27.
e4 Nd7 28. Qc6 Qxc6 29. Bxc6 Nb8 30. Bb7 Kf8 31. Kg2 Ke7 32. Kg3 h6 33. f4 f6
34. fxe5 fxe5 35. f4 Kf6 36. h4 exf4+ 37. Kxf4 g5+ 38. hxg5+ hxg5+ 39. Kg4 Nd7
40. Bxa6 Ne5+ 41. Kg3 Nc4 42. Bxb5 Nxa3 43. Bd3 Ke5 44. Kf3 Kd4 45. Be2 g4+ 46.
Kf4 Nc2 47. b5 g3 48. Bf3 Kc5 49. e5 Nd4 50. Kxg3 Nxb5 51. Kf4 Nd4 1/2-1/2

[Event "Cto. FACV Ind. Primera Xeraco 2014"]
[Site "Xeraco ESP"]
[Date "2014.09.27"]
[Round "1.6"]
[White "Talens Sansaloni, Juan"]
[Black "Villanueva Claramonte, Ramon"]
[Result "0-1"]
[WhiteElo "1598"]
[BlackElo "1823"]
[PlyCount "100"]
[EventDate "2014.09.27"]
[EventType "swiss"]
[EventRounds "7"]
[EventCountry "ESP"]
[Source "lmi"]
[SourceDate "2014.09.27"]

1. e4 c6 2. d4 d5 3. Nc3 dxe4 4. Nxe4 Bf5 5. Ng3 Bg6 6. Nf3 Nd7 7. h4 h6 8. h5
Bh7 9. Bd3 Bxd3 10. Qxd3 Ngf6 11. Bf4 e6 12. Ne4 Qa5+ 13. c3 Nxh5 14. Bd6 Nhf6
15. Bxf8 Kxf8 16. Nxf6 Nxf6 17. Ne5 Rd8 18. b4 Qxe5+ 19. dxe5 Rxd3 20. exf6
gxf6 21. Rc1 Kg7 22. Rc2 Rhd8 23. Ke2 R3d5 24. f3 Re5+ 25. Kf2 Red5 26. Ke2
Re5+ 27. Kf2 Kg6 28. a4 Red5 29. Ke2 h5 30. Rb1 e5 31. Rh1 f5 32. Rb1 f4 33. b5
c5 34. b6 a6 35. Re1 Rd3 36. Kf2 Rd2+ 37. Re2 Rxc2 38. Rxc2 Rd3 39. Ke2 c4 40.
Rc1 f5 41. a5 e4 42. Rc2 e3 43. Ke1 Kg5 44. Ke2 Kh4 45. Rc1 Rd2+ 46. Kf1 Kg3
47. Re1 Rf2+ 48. Kg1 Rxg2+ 49. Kh1 Rh2+ 50. Kg1 Rf2 0-1

[Event "Cto. FACV Ind. Primera Xeraco 2014"]
[Site "Xeraco ESP"]
[Date "2014.09.27"]
[Round "1.7"]
[White "Colomar Alemany, David"]
[Black "Lopez Rojas, Luis"]
[Result "1-0"]
[WhiteElo "1804"]
[BlackElo "1531"]
[PlyCount "74"]
[EventDate "2014.09.27"]
[EventType "swiss"]
[EventRounds "7"]
[EventCountry "ESP"]
[Source "lmi"]
[SourceDate "2014.09.27"]

1. d4 Nf6 2. c4 c5 3. d5 e6 4. Nc3 exd5 5. cxd5 d6 6. g3 g6 7. Bg2 Bg7 8. Nf3
O-O 9. O-O a6 10. a4 Re8 11. Re1 Nbd7 12. Nd2 Qc7 13. Nc4 Ne5 14. Nxe5 Rxe5 15.
Bf4 Re8 16. Qd2 b6 17. Rac1 Bf5 18. e4 Bd7 19. e5 Nh5 20. exd6 Qb7 21. Bg5 Bf8
22. Be7 Rac8 23. b3 Qb8 24. h3 Bg7 25. Ne4 Bd4 26. g4 Rxe7 27. dxe7 Nf4 28. d6
Ne6 29. Qh6 Bg7 30. Qh4 Be8 31. Rcd1 Nd4 32. Nf6+ Bxf6 33. Qxf6 Qa7 34. Bd5 Qd7
35. Rxd4 cxd4 36. Qxd4 Rb8 37. Rc1 Qa7 1-0

[Event "Cto. FACV Ind. Primera Xeraco 2014"]
[Site "Xeraco ESP"]
[Date "2014.09.27"]
[Round "1.8"]
[White "Egea Herrero, Albert"]
[Black "Sifre Montalva, Alfredo"]
[Result "0-1"]
[WhiteElo "1287"]
[BlackElo "1783"]
[PlyCount "110"]
[EventDate "2014.09.27"]
[EventType "swiss"]
[EventRounds "7"]
[EventCountry "ESP"]
[Source "lmi"]
[SourceDate "2014.09.27"]

1. e4 d6 2. d4 g6 3. Nf3 Bg7 4. Be2 Nf6 5. Nc3 O-O 6. O-O c6 7. Bg5 b5 8. a3 a5
9. Bxf6 Bxf6 10. e5 dxe5 11. dxe5 Qxd1 12. Raxd1 Bg7 13. Ne4 Nd7 14. Nd4 Nxe5
15. f4 Ng4 16. Nxc6 Ne3 17. Nxe7+ Kh8 18. Bf3 Ra7 19. Rd8 Rxe7 20. Rxf8+ Bxf8
21. Re1 Nd5 22. Rd1 Be6 23. Ng5 Nc7 24. Nxe6 Nxe6 25. Rd5 Nxf4 26. Rxb5 Ne2+
27. Kf2 Nd4 28. Rxa5 Nxc2 29. b4 Re3 30. b5 Rxa3 31. Ra8 Rxa8 32. Bxa8 Bc5+ 33.
Kf1 Nd4 34. Bc6 Nxc6 35. bxc6 Bd6 36. h3 Kg7 37. Ke2 Kf8 38. Kd3 Ke7 39. Ke4
Kd8 40. Kd5 Kc7 41. h4 h5 42. Ke4 Bg3 43. Kf3 Bxh4 44. Kf4 Kxc6 45. Kf3 Kd6 46.
Ke3 Ke5 47. Kf3 Be7 48. Kg3 g5 49. Kh3 f5 50. Kg3 f4+ 51. Kh2 Ke4 52. Kh1 Ke3
53. Kg1 g4 54. Kf1 Bb4 55. g3 f3 0-1

[Event "Cto. FACV Ind. Primera Xeraco 2014"]
[Site "Xeraco ESP"]
[Date "2014.09.27"]
[Round "1.9"]
[White "Alminana Alminana, Ximo"]
[Black "Bataller Garcia, Adolfo"]
[Result "0-1"]
[WhiteElo "1778"]
[BlackElo "1498"]
[PlyCount "76"]
[EventDate "2014.09.27"]
[EventType "swiss"]
[EventRounds "7"]
[EventCountry "ESP"]
[Source "lmi"]
[SourceDate "2014.09.27"]

1. e4 e6 2. d4 d5 3. e5 c5 4. c3 Nc6 5. Qg4 cxd4 6. cxd4 Bd7 7. Nf3 Nh6 8. Bxh6
gxh6 9. g3 Qb6 10. Nbd2 Nb4 11. Rc1 Nxa2 12. Rc2 Ba4 13. b3 Bxb3 14. Rb2 Nc1
15. Qf4 Rc8 16. Nxb3 Nxb3 17. Be2 Qa5+ 18. Kf1 Qa1+ 19. Rb1 Qxb1+ 20. Kg2 Qf5
21. Bb5+ Kd8 22. Qe3 Na5 23. Qd2 Nc6 24. Bd3 Qg4 25. h3 Qg7 26. Rb1 b6 27. Qa2
Na5 28. Rb5 Rc7 29. Rxa5 bxa5 30. Qxa5 f5 31. exf6 Qxf6 32. Ne5 Bd6 33. f4 Bxe5
34. dxe5 Qe7 35. Qb5 Qc5 36. Qb8+ Rc8 37. Qb7 d4 38. Ba6 Qc6+ 0-1